Otthoni munkálatok a Hangárban vasárnapig tart a Lakás és ház építőipari szakkiállítás

Elmentve itt :
Bibliográfiai részletek
Dokumentumtípus: Cikk
Megjelent: 2004-03-05
Sorozat:Délmagyarország 94 No. 55
Kulcsszavak:Szeged, Eseménynaptár Szeged 2004. 03., Hangár Expó- és Konferenciaközpont (Szeged), Lakás és Ház Építőipari Szakkiállítás (Szeged)
Online Access:http://dmarchiv.bibl.u-szeged.hu/132991
LEADER 00604nab a2200145 i 4500
001 delm132991
005 20191204081433.0
008 191204s2004 hu o 0|| hun d
040 |a SZTE Délmagyarország Archívum  |b hun 
041 |a hun 
245 0 0 |a Otthoni munkálatok a Hangárban   |h [elektronikus dokumentum] :  |b vasárnapig tart a Lakás és ház építőipari szakkiállítás 
260 |c 2004-03-05 
300 |a 3 
490 0 |a Délmagyarország  |v 94 No. 55 
695 |a Szeged, Eseménynaptár Szeged 2004. 03., Hangár Expó- és Konferenciaközpont (Szeged), Lakás és Ház Építőipari Szakkiállítás (Szeged)